Evaluación de Medio Término del Proyecto Fortalecimiento de la Educación Inicial Componente Mejoramiento de la Calidad del Grado Preprimario (Record no. 8631)

MARC details
000 -LEADER
campo de control de longitud fija 00485nam a2200133Ia 4500
001 - NÚMERO DE CONTROL
campo de control 940
008 - DATOS DE LONGITUD FIJA--INFORMACIÓN GENERAL
campo de control de longitud fija 241024s9999 xx 000 0 und d
082 ## - NÚMERO DE LA CLASIFICACIÓN DECIMAL DEWEY
Número de clasificación RD/372.97293/R426ev/2008
100 ## - ENTRADA PRINCIPAL--NOMBRE DE PERSONA
Nombre de persona República Dominicana.Secretaría de Estado de Educación
245 #0 - MENCIÓN DEL TÍTULO
Título Evaluación de Medio Término del Proyecto Fortalecimiento de la Educación Inicial Componente Mejoramiento de la Calidad del Grado Preprimario
260 ## - PUBLICACIÓN, DISTRIBUCIÓN, ETC.
Nombre del editor, distribuidor, etc. SEE
Fecha de publicación, distribución, etc. 2008
901 ## - ELEMENTOS DE DATOS A LOCAL LDA (RLIN)
a 13/12/2010 10:07:22 a.m.

No items available.

© 2024. Todos los Derechos Reservados. Desarrollado por IDEICE